000 00877cam a22002773a 4500
001 25787
003 PGUSA
005 20140828083544.0
008 080614s2008||||xxu|||||s|||||000 1 eng d
040 _aPGUSA
_beng
042 _adc
050 4 _aPZ
100 1 _aSayler, H. L.
_q(Harry Lincoln),
_d1863-
245 1 0 _aOn the Edge of the Arctic; Or, An Aeroplane in Snowland
_h[electronic resource] /
_cH. L. Sayler
260 _bProject Gutenberg,
_c2008
506 _aPublic domain in the USA.
516 _aElectronic text
653 _aCanada -- Juvenile fiction
653 _aAirplanes -- Piloting -- Juvenile fiction
653 _aAir pilots -- Juvenile fiction
653 _aDetective and mystery stories
653 _aAeronautics -- Juvenile fiction
830 0 _aProject Gutenberg
_v25787
856 4 0 _uhttp://www.gutenberg.org/ebooks/25787
942 _cEB
999 _c255042
_d255042